[Event "Napoli Natale al Vomero 2nd"]
[Site "Napoli"]
[Date "2005.11.10"]
[Round "2"]
[White "Vannini, Claudio"]
[Black "Schiappoli, Dario"]
[Result "1-0"]
[WhiteElo "1646"]
[BlackElo "1945"]
[PlyCount "55"]
[EventDate "2005.11.03"]
[EventType "swiss"]
[EventRounds "6"]
[EventCountry "ITA"]
[SourceTitle "EXT 2018"]
[Source "ChessBase"]
[SourceDate "2017.10.13"]
[SourceVersion "1"]
[SourceVersionDate "2017.10.13"]
[SourceQuality "1"]

1. c4 e5 2. Nc3 Nf6 3. Nf3 Nc6 4. g3 d5 5. cxd5 Nxd5 6. Bg2 Nxc3 7. bxc3 e4 8. Ng1 Bf5 9. Qa4 Qd7 10. Bxe4 Bc5 11. Bxf5 Qxf5 12. d4 Bb6 13. Nf3 0-0-0 14. Be3 f6 15. 0-0 g5 16. c4 a6 17. d5 Ne5 18. Nxe5 Bxe3 19. fxe3 Qxe5 20. Qb3 h5 21. Rab1 b6 22. Qd3 h4 23. Qf5+ Rd7 24. Qxe5 fxe5 25. g4 Rhh7 26. e4 Rdf7 27. Rf5 Kd7 28. Rbf1 1-0